000 00621cam a22002291 4500
001 sa 67000994
003 DLC
005 20260227112319.0
008 850213s1965 ii 000 0 eng
010 _asa 67000994
035 _a(OCoLC)11690622
040 _aDLC
_cPKuS
_dDLC
042 _apremarc
050 0 0 _aL578.R3
_bA5
110 1 _aRajasthan (India).
_bState Primary Education Committee.
245 0 0 _aReport, 1963-64.
260 _aBikaner,
_bGovt. Press,
_c1965.
300 _aii, 177 p.,
_c25 cm.
500 _aCover title.
650 0 _aEducation
_zIndia
_zRajasthan.
650 0 _aEducation, Elementary.
999 _c72330
_d72330